[Event "Titled Tuesday intern op 7th March"]
[Site "Chess.com INT"]
[Date "2017.03.07"]
[Round "8"]
[White "Andrejkin, Dmitry"]
[Black "Popov, Mikhail"]
[Result "0-1"]
[WhiteElo "2272"]
[BlackElo "2373"]
[PlyCount "26"]
[EventDate "2017.03.07"]
[EventType "swiss (blitz)"]
[EventRounds "11"]
[EventCountry "USA"]
[SourceTitle "EXT 2021"]
[Source "ChessBase"]
[SourceDate "2020.10.23"]
[SourceVersion "1"]
[SourceVersionDate "2020.10.23"]
[SourceQuality "1"]

1. Nf3 Nf6 2. d4 g6 3. c4 Bg7 4. Nc3 d6 5. e4 0-0 6. h3 e5 7. d5 a5 8. Be3 Na6 9. Bd3 Nd7 10. g4 Ndc5 11. Bc2 f5 12. gxf5 gxf5 13. Qe2 Nb4 0-1

[Event "Titled Tuesday intern op 7th March"]
[Site "Chess.com INT"]
[Date "2017.03.07"]
[Round "6"]
[White "Khachiyan, Melikset"]
[Black "Andrejkin, Dmitry"]
[Result "1/2-1/2"]
[WhiteElo "2530"]
[BlackElo "2265"]
[PlyCount "81"]
[EventDate "2017.03.07"]
[EventType "swiss (blitz)"]
[EventRounds "11"]
[EventCountry "USA"]
[SourceTitle "EXT 2021"]
[Source "ChessBase"]
[SourceDate "2020.10.23"]
[SourceVersion "1"]
[SourceVersionDate "2020.10.23"]
[SourceQuality "1"]

1. e4 e5 2. Nf3 Nc6 3. Bb5 Nf6 4. 0-0 Nxe4 5. d4 Nd6 6. dxe5 Nxb5 7. a4 Nbd4 8. Nxd4 Nxd4 9. Qxd4 d5 10. Qd3 g6 11. Qg3 Bf5 12. Bg5 Be7 13. Bxe7 Qxe7 14. c3 0-0 15. Nd2 Rad8 16. Nf3 c5 17. Nh4 Qe6 18. Rfd1 Rfe8 19. f4 Be4 20. Nf3 Bxf3 21. Qxf3 b6 22. Rd2 Rd7 23. a5 Red8 24. axb6 axb6 25. Rad1 d4 26. h3 Kg7 27. Rd3 b5 28. Qe4 dxc3 29. Rxd7 Rxd7 30. Rxd7 Qxd7 31. bxc3 h6 32. Kh2 Qc8 33. Qe3 Kh7 34. g4 Kg7 35. f5 gxf5 36. gxf5 Qxf5 37. Qxc5 Qc2+ 38. Kg3 Qd3+ 39. Kh2 Qe2+ 40. Kg3 Qd3+ 41. Kh2 1/2-1/2

[Event "Titled Tuesday intern op 7th March"]
[Site "Chess.com INT"]
[Date "2017.03.07"]
[Round "1"]
[White "Riff, Jean Noel"]
[Black "Andrejkin, Dmitry"]
[Result "1-0"]
[WhiteElo "2479"]
[BlackElo "2227"]
[PlyCount "59"]
[EventDate "2017.03.07"]
[EventType "swiss (blitz)"]
[EventRounds "11"]
[EventCountry "USA"]
[SourceTitle "EXT 2021"]
[Source "ChessBase"]
[SourceDate "2020.10.23"]
[SourceVersion "1"]
[SourceVersionDate "2020.10.23"]
[SourceQuality "1"]

1. e4 c5 2. Nf3 d6 3. Nc3 a6 4. d4 cxd4 5. Nxd4 Nf6 6. Bg5 e6 7. f4 Nbd7 8. Qf3 Qc7 9. 0-0-0 b5 10. Bd3 Bb7 11. Rhe1 b4 12. Nce2 Be7 13. g4 h6 14. Bxf6 Bxf6 15. Kb1 Rc8 16. Qe3 Nb6 17. f5 e5 18. Nf3 0-0 19. h4 Nc4 20. Bxc4 Qxc4 21. Ng3 d5 22. g5 d4 23. Qd3 Qxd3 24. cxd3 hxg5 25. hxg5 Be7 26. Rh1 Bd6 27. Rh3 Rfd8 28. f6 gxf6 29. gxf6 Bf8 30. Nf5 1-0

[Event "Titled Tuesday intern op 6th Dec 10am"]
[Site "Chess.com INT"]
[Date "2016.12.06"]
[Round "5"]
[White "Sztokbant, Bernardo Vainzoff"]
[Black "Andrejkin, Dmitry"]
[Result "1-0"]
[WhiteElo "2172"]
[BlackElo "2172"]
[PlyCount "105"]
[EventDate "2016.12.06"]
[EventType "swiss (blitz)"]
[EventRounds "9"]
[EventCountry "USA"]
[SourceTitle "EXT 2021"]
[Source "ChessBase"]
[SourceDate "2020.10.23"]
[SourceVersion "1"]
[SourceVersionDate "2020.10.23"]
[SourceQuality "1"]

1. e4 e5 2. Nf3 Nc6 3. Bb5 a6 4. Ba4 Nf6 5. 0-0 Be7 6. Re1 b5 7. Bb3 d6 8. c3 0-0 9. h3 Na5 10. Bc2 c5 11. d4 cxd4 12. cxd4 Qc7 13. Nbd2 Nc6 14. Nb3 a5 15. Be3 a4 16. Nbd2 Bd7 17. Rc1 Qb7 18. Nf1 Rfc8 19. Ng3 Bd8 20. Nf5 Bxf5 21. exf5 e4 22. Nh2 d5 23. Ng4 h6 24. Ne5 Nxe5 25. dxe5 Nd7 26. Bd4 b4 27. f3 a3 28. b3 Bg5 29. Rb1 exf3 30. Bd3 fxg2 31. Qg4 Nc5 32. Rbd1 Qe7 33. f6 Qd7 34. Bf5 Ne6 35. h4 Bxh4 36. Bxe6 fxe6 37. Qxh4 Rc2 38. Qg3 Rxa2 39. Qxg7+ Qxg7 40. fxg7 Kxg7 41. Rd3 h5 42. Rg3+ Kf7 43. Rxg2 Rxg2+ 44. Kxg2 a2 45. Ra1 h4 46. Bc5 Ra3 47. Bxb4 Rxb3 48. Bd6 Rb2+ 49. Kh3 d4 50. Kxh4 d3 51. Ba3 Rc2 52. Bb4 Rc5 53. Bxc5 1-0

[Event "Titled Tuesday intern op 1st Nov 10am"]
[Site "Chess.com INT"]
[Date "2016.11.01"]
[Round "4"]
[White "Andrejkin, Dmitry"]
[Black "Kotepalli, Sai Nirupama"]
[Result "1/2-1/2"]
[WhiteElo "2160"]
[BlackElo "1978"]
[PlyCount "42"]
[EventDate "2016.11.01"]
[EventType "swiss (blitz)"]
[EventRounds "9"]
[EventCountry "USA"]
[SourceTitle "EXT 2021"]
[Source "ChessBase"]
[SourceDate "2020.10.23"]
[SourceVersion "1"]
[SourceVersionDate "2020.10.23"]
[SourceQuality "1"]

1. e4 c5 2. Nf3 e6 3. Nc3 Nc6 4. Bb5 Nge7 5. d4 cxd4 6. Nxd4 a6 7. Be2 Nxd4 8. Qxd4 Nc6 9. Qd1 Bc5 10. Bf4 Qe7 11. Qd2 0-0 12. 0-0-0 Qf6 13. g4 Bb4 14. g5 Bxc3 15. gxf6 Bxd2+ 16. Rxd2 e5 17. fxg7 Re8 18. Be3 Re6 19. Bc4 Rg6 20. f4 exf4 21. Bxf4 Rxg7 1/2-1/2

[Event "Titled Tuesday intern op 1st Nov 10am"]
[Site "Chess.com INT"]
[Date "2016.11.01"]
[Round "7"]
[White "Andrejkin, Dmitry"]
[Black "Literatus, Austin Jacob"]
[Result "1-0"]
[WhiteElo "2159"]
[BlackElo "2124"]
[PlyCount "55"]
[EventDate "2016.11.01"]
[EventType "swiss (blitz)"]
[EventRounds "9"]
[EventCountry "USA"]
[SourceTitle "EXT 2021"]
[Source "ChessBase"]
[SourceDate "2020.10.23"]
[SourceVersion "1"]
[SourceVersionDate "2020.10.23"]
[SourceQuality "1"]

1. e4 Nf6 2. e5 Nd5 3. d4 d6 4. c4 Nb6 5. exd6 exd6 6. Nf3 Be7 7. Nc3 0-0 8. Be2 Bg4 9. 0-0 Nc6 10. b3 d5 11. c5 Nc8 12. h3 Bh5 13. g4 Bg6 14. b4 Re8 15. b5 Na5 16. Qa4 c6 17. bxc6 bxc6 18. Be3 h6 19. Ne5 Qc7 20. Nxg6 fxg6 21. Nxd5 cxd5 22. Qxe8+ Kh7 23. g5 h5 24. Bd3 Qc6 25. Qxc6 Nxc6 26. f4 a5 27. f5 a4 28. fxg6+ 1-0

[Event "Titled Tuesday intern op 1st Nov 10am"]
[Site "Chess.com INT"]
[Date "2016.11.01"]
[Round "2"]
[White "Andrejkin, Dmitry"]
[Black "Viviani, Alessio"]
[Result "1-0"]
[WhiteElo "2165"]
[BlackElo "2244"]
[PlyCount "83"]
[EventDate "2016.11.01"]
[EventType "swiss (blitz)"]
[EventRounds "9"]
[EventCountry "USA"]
[SourceTitle "EXT 2021"]
[Source "ChessBase"]
[SourceDate "2020.10.23"]
[SourceVersion "1"]
[SourceVersionDate "2020.10.23"]
[SourceQuality "1"]

1. e4 c5 2. Nf3 Nc6 3. d4 cxd4 4. Nxd4 Nf6 5. Nc3 d6 6. f3 Qb6 7. Nb3 e6 8. Na4 Qc7 9. Nc3 Be7 10. Be3 0-0 11. Qd2 d5 12. exd5 Nxd5 13. Nxd5 exd5 14. 0-0-0 Bf5 15. g4 Bg6 16. h4 Nb4 17. Bf4 Bd6 18. Bxd6 Qxd6 19. Bd3 Nxa2+ 20. Kb1 Bxd3 21. Qxd3 Nb4 22. Qd2 Rfc8 23. Nd4 Nc6 24. Nf5 Qf6 25. Qxd5 g6 26. Nd6 Nb4 27. Qxb7 Rab8 28. g5 Qf4 29. Qxa7 Rd8 30. Qd4 Qxf3 31. h5 Qc6 32. Rh2 Qa4 33. h6 Qa2+ 34. Kc1 f6 35. Qxf6 Rd7 36. Rd4 Nc6 37. Rf4 Qa1+ 38. Kd2 Qa5+ 39. Ke2 Qc5 40. Qe6+ Kh8 41. Qxd7 Qe5+ 42. Kd1 1-0

[Event "Titled Tuesday intern op 1st Nov 10am"]
[Site "Chess.com INT"]
[Date "2016.11.01"]
[Round "3"]
[White "Bellahcene, Bilel"]
[Black "Andrejkin, Dmitry"]
[Result "1-0"]
[WhiteElo "2483"]
[BlackElo "2160"]
[PlyCount "49"]
[EventDate "2016.11.01"]
[EventType "swiss (blitz)"]
[EventRounds "9"]
[EventCountry "USA"]
[SourceTitle "EXT 2021"]
[Source "ChessBase"]
[SourceDate "2020.10.23"]
[SourceVersion "1"]
[SourceVersionDate "2020.10.23"]
[SourceQuality "1"]

1. d4 Nf6 2. c4 e6 3. Nf3 b6 4. g3 Bb7 5. Bg2 Be7 6. 0-0 0-0 7. Re1 d5 8. cxd5 exd5 9. Nc3 Ne4 10. Nxe4 dxe4 11. Ne5 f6 12. Nc4 b5 13. Na5 Bd5 14. Bd2 b4 15. Qc2 c5 16. Bxe4 Bxe4 17. Qxe4 Qxa5 18. Qxa8 cxd4 19. Bf4 Nd7 20. Qb7 Qd8 21. Rad1 Bc5 22. e3 dxe3 23. Bxe3 Bxe3 24. Rxd7 Bxf2+ 25. Kxf2 1-0

[Event "Titled Tuesday intern op 6th Sept"]
[Site "Chess.com INT"]
[Date "2016.09.06"]
[Round "6"]
[White "Andrejkin, Dmitry"]
[Black "Derraugh, Geordie"]
[Result "1/2-1/2"]
[WhiteElo "2202"]
[BlackElo "2151"]
[PlyCount "85"]
[EventDate "2016.09.06"]
[EventType "swiss (blitz)"]
[EventRounds "9"]
[EventCountry "USA"]
[SourceTitle "EXT 2021"]
[Source "ChessBase"]
[SourceDate "2020.10.23"]
[SourceVersion "1"]
[SourceVersionDate "2020.10.23"]
[SourceQuality "1"]

1. d4 Nf6 2. c4 g6 3. Nf3 Bg7 4. Nc3 d5 5. Qb3 dxc4 6. Qxc4 0-0 7. e4 Nc6 8. Be2 Bg4 9. Be3 e6 10. h3 Bxf3 11. gxf3 Nd7 12. 0-0-0 Nb6 13. Qd3 Qh4 14. f4 Rad8 15. e5 Rd7 16. Bf3 Nb4 17. Qb5 N4d5 18. Nxd5 exd5 19. Bg4 Rdd8 20. Kb1 Nc4 21. Qb3 b5 22. Qd3 Qe7 23. f5 Qb4 24. Bc1 c5 25. a3 Qa5 26. f6 Bh8 27. h4 cxd4 28. Qxd4 Rfe8 29. f4 b4 30. axb4 Qxb4 31. Qc3 Qb5 32. h5 Rc8 33. hxg6 hxg6 34. Qh3 Na3+ 35. Ka2 Qc4+ 36. Kxa3 Qa6+ 37. Kb3 Qc4+ 38. Ka3 Qa6+ 39. Kb3 Qc4+ 40. Ka3 Qa6+ 41. Kb3 Qc4+ 42. Ka3 Qa6+ 43. Kb3 1/2-1/2

[Event "Titled Tuesday intern op 6th Sept"]
[Site "Chess.com INT"]
[Date "2016.09.06"]
[Round "3"]
[White "Andrejkin, Dmitry"]
[Black "Terletsky, Oleg"]
[Result "0-1"]
[WhiteElo "2205"]
[BlackElo "2234"]
[PlyCount "66"]
[EventDate "2016.09.06"]
[EventType "swiss (blitz)"]
[EventRounds "9"]
[EventCountry "USA"]
[SourceTitle "EXT 2021"]
[Source "ChessBase"]
[SourceDate "2020.10.23"]
[SourceVersion "1"]
[SourceVersionDate "2020.10.23"]
[SourceQuality "1"]

1. c4 Nf6 2. Nc3 g6 3. g3 Bg7 4. Bg2 0-0 5. Nf3 d6 6. 0-0 e5 7. d3 Nc6 8. Rb1 a5 9. a3 Bf5 10. Bd2 Qd7 11. Re1 h6 12. b4 axb4 13. axb4 Bh3 14. Bh1 Ng4 15. b5 Nd8 16. Nh4 g5 17. Ng2 f5 18. f4 exf4 19. gxf4 Ne6 20. e3 Nc5 21. Qe2 Rae8 22. Qf1 Bxc3 23. Bxc3 Nxe3 24. Qf3 g4 25. Qg3 Nxg2 26. Bxg2 Bxg2 27. Qxg2 Qf7 28. Qd2 Rxe1+ 29. Rxe1 Re8 30. Rf1 Qe7 31. Bd4 Qe2 32. Rf2 Qxd2 33. Rxd2 Nb3 0-1

[Event "Titled Tuesday intern op 6th Sept"]
[Site "Chess.com INT"]
[Date "2016.09.06"]
[Round "2"]
[White "Beerdsen, Thomas"]
[Black "Andrejkin, Dmitry"]
[Result "1-0"]
[WhiteElo "2424"]
[BlackElo "2216"]
[PlyCount "125"]
[EventDate "2016.09.06"]
[EventType "swiss (blitz)"]
[EventRounds "9"]
[EventCountry "USA"]
[SourceTitle "EXT 2021"]
[Source "ChessBase"]
[SourceDate "2020.10.23"]
[SourceVersion "1"]
[SourceVersionDate "2020.10.23"]
[SourceQuality "1"]

1. e4 c5 2. Nf3 d6 3. d4 cxd4 4. Nxd4 Nf6 5. Nc3 a6 6. a4 e5 7. Nb3 Be6 8. a5 Nbd7 9. Be3 Be7 10. f3 Qc7 11. Be2 Rc8 12. 0-0 0-0 13. Kh1 Rfd8 14. Nd5 Bxd5 15. exd5 Qxc2 16. Qxc2 Rxc2 17. Bd1 Rc7 18. Bb6 Nxb6 19. axb6 Rcc8 20. Na5 Rd7 21. Ba4 Bd8 22. Bxd7 Nxd7 23. Rac1 Rb8 24. Nxb7 Rxb7 25. Rc8 Kf8 26. Rxd8+ Ke7 27. Ra8 Rxb6 28. Rb1 Nc5 29. Kg1 g6 30. Kf1 Nb3 31. Ke2 Kf6 32. Kd3 h5 33. Ra7 Nc5+ 34. Kc4 Nb3 35. Kc3 a5 36. h4 Rb5 37. g4 Nd4 38. gxh5 gxh5 39. b4 axb4+ 40. Rxb4 Ne2+ 41. Kc4 Rc5+ 42. Kd3 Nf4+ 43. Ke4 Rxd5 44. Rbb7 Rd4+ 45. Ke3 Nd5+ 46. Kf2 Rxh4 47. Rxf7+ Ke6 48. Rh7 Nf4 49. Rh6+ Kd5 50. Ra5+ Kc6 51. Ra6+ Kc5 52. Rhxd6 Rh2+ 53. Kg1 Re2 54. Rac6+ Kb5 55. Rc1 Nh3+ 56. Kf1 Rf2+ 57. Ke1 Rxf3 58. Rd8 Ka6 59. Rb1 Ka7 60. Rd7+ Ka8 61. Rd5 Re3+ 62. Kd2 Re4 63. Ra5# 1-0

[Event "Titled Tuesday intern op 6th Sept"]
[Site "Chess.com INT"]
[Date "2016.09.06"]
[Round "4"]
[White "Perrine, Dalton"]
[Black "Andrejkin, Dmitry"]
[Result "1-0"]
[WhiteElo "2308"]
[BlackElo "2195"]
[PlyCount "23"]
[EventDate "2016.09.06"]
[EventType "swiss (blitz)"]
[EventRounds "9"]
[EventCountry "USA"]
[SourceTitle "EXT 2021"]
[Source "ChessBase"]
[SourceDate "2020.10.23"]
[SourceVersion "1"]
[SourceVersionDate "2020.10.23"]
[SourceQuality "1"]

1. d4 d5 2. c4 c6 3. Nc3 e6 4. e4 dxe4 5. Nxe4 Bb4+ 6. Bd2 Qxd4 7. Bxb4 Qxe4+ 8. Be2 Nf6 9. Qd6 Ng8 10. Qf8+ Kd7 11. 0-0-0+ Kc7 12. Qd8# 1-0

[Event "Titled Tuesday intern op 2nd Aug"]
[Site "Chess.com INT"]
[Date "2016.08.02"]
[Round "1"]
[White "Abdusattorov, Nodirbek"]
[Black "Andrejkin, Dmitry"]
[Result "1/2-1/2"]
[WhiteElo "2375"]
[BlackElo "2209"]
[PlyCount "188"]
[EventDate "2016.08.02"]
[EventType "swiss (blitz)"]
[EventRounds "9"]
[EventCountry "USA"]
[SourceTitle "EXT 2021"]
[Source "ChessBase"]
[SourceDate "2020.10.23"]
[SourceVersion "1"]
[SourceVersionDate "2020.10.23"]
[SourceQuality "1"]

1. e4 e5 2. Nf3 Nc6 3. Bb5 a6 4. Ba4 Nf6 5. 0-0 Be7 6. d3 b5 7. Bb3 d6 8. a3 0-0 9. Nc3 Bg4 10. Be3 Nd4 11. Bxd4 exd4 12. Nd5 Nd7 13. h3 Bxf3 14. Qxf3 c6 15. Nxe7+ Qxe7 16. Qg3 a5 17. f4 Nc5 18. Ba2 Ne6 19. f5 Qg5 20. Qxg5 Nxg5 21. h4 Nxe4 22. dxe4 Rfe8 23. Rfe1 b4 24. axb4 axb4 25. Kf2 Kf8 26. Kf3 d5 27. e5 Ra7 28. Bb3 Rxa1 29. Rxa1 Rxe5 30. Ra6 c5 31. Ra5 c4 32. Ba2 Rxf5+ 33. Kg3 g6 34. Rb5 d3 35. cxd3 cxd3 36. Rxb4 Re5 37. Rd4 Re2 38. Rxd3 Rxb2 39. Bxd5 f5 40. Kf4 Rb4+ 41. Kg3 Rb2 42. Bf3 Rb4 43. Rd7 h5 44. Bd5 Rg4+ 45. Kh3 Rd4 46. Be6 Re4 47. Ba2 Re3+ 48. Kh2 Re4 49. Kg3 Rg4+ 50. Kh3 Re4 51. Rf7+ Ke8 52. Rf6 Rg4 53. Bb3 Ke7 54. Re6+ Kf8 55. Bd1 Rd4 56. Bf3 Kf7 57. Ra6 Kg7 58. g3 f4 59. gxf4 Rxf4 60. Kg3 Rd4 61. Re6 Ra4 62. Re1 Ra5 63. Kf4 Rf5+ 64. Ke4 Ra5 65. Kf4 Rf5+ 66. Kg3 Ra5 67. Re6 Ra4 68. Be4 Ra3+ 69. Kf4 Rh3 70. Rxg6+ Kf7 71. Ke5 Rxh4 72. Rg2 Rg4 73. Rf2+ Kg7 74. Ra2 Kh6 75. Bf5 Rg1 76. Kf6 Rg8 77. Be6 Rg6+ 78. Kf5 Rg1 79. Ke5 Kg5 80. Ra8 Re1+ 81. Kd6 h4 82. Rg8+ Kf6 83. Rf8+ Kg5 84. Rf5+ Kg6 85. Rf2 Kg5 86. Ke7 h3 87. Kf7 Rxe6 88. Kxe6 Kg4 89. Ke5 Kg3 90. Rf8 h2 91. Rg8+ Kh3 92. Kf4 h1Q 93. Rh8+ Kg2 94. Rxh1 Kxh1 1/2-1/2

[Event "Titled Tuesday intern op 2nd Aug"]
[Site "Chess.com INT"]
[Date "2016.08.02"]
[Round "8"]
[White "Andrejkin, Dmitry"]
[Black "Kotepalli, Sai Nirupama"]
[Result "1-0"]
[WhiteElo "2236"]
[BlackElo "1944"]
[PlyCount "71"]
[EventDate "2016.08.02"]
[EventType "swiss (blitz)"]
[EventRounds "9"]
[EventCountry "USA"]
[SourceTitle "EXT 2021"]
[Source "ChessBase"]
[SourceDate "2020.10.23"]
[SourceVersion "1"]
[SourceVersionDate "2020.10.23"]
[SourceQuality "1"]

1. e4 c5 2. Nf3 e6 3. d4 cxd4 4. Nxd4 Nf6 5. Nc3 Nc6 6. Ndb5 Bb4 7. Nd6+ Ke7 8. Bf4 e5 9. Nf5+ Kf8 10. Bd2 d5 11. exd5 Nd4 12. Ne3 Bd7 13. a3 Ba5 14. b4 Bb6 15. Bd3 Qe7 16. 0-0 e4 17. Bc4 Rc8 18. Bb5 Nxb5 19. Nxb5 Bxb5 20. c4 Bxc4 21. Nxc4 Rxc4 22. Qb3 Rd4 23. Be3 Rd3 24. Qc4 Bxe3 25. fxe3 Nxd5 26. Qc8+ Qe8 27. Rac1 Nf6 28. Qxb7 Rd7 29. Qa6 Ke7 30. Rc6 Qb8 31. Rcxf6 Rf8 32. R6f5 f6 33. Qc4 Qb7 34. Re5+ fxe5 35. Qc5+ Rd6 36. Qxe5+ 1-0

[Event "Titled Tuesday intern op 5th July"]
[Site "Chess.com INT"]
[Date "2016.07.05"]
[Round "6"]
[White "Migot, Tangi"]
[Black "Andrejkin, Dmitry"]
[Result "0-1"]
[WhiteElo "2381"]
[BlackElo "2160"]
[PlyCount "120"]
[EventDate "2016.07.05"]
[EventType "swiss (blitz)"]
[EventRounds "9"]
[EventCountry "USA"]
[SourceTitle "EXT 2021"]
[Source "ChessBase"]
[SourceDate "2020.10.23"]
[SourceVersion "1"]
[SourceVersionDate "2020.10.23"]
[SourceQuality "1"]

1. e4 e5 2. Nf3 Nc6 3. Bb5 a6 4. Ba4 Nf6 5. 0-0 Be7 6. d3 b5 7. Bb3 d6 8. a4 b4 9. Nbd2 Na5 10. Ba2 0-0 11. Re1 c5 12. Nc4 Nxc4 13. Bxc4 a5 14. h3 h6 15. c3 Ba6 16. Bxa6 Rxa6 17. d4 cxd4 18. cxd4 Qc7 19. d5 Raa8 20. Qd3 Rfc8 21. Be3 Qc2 22. Qxc2 Rxc2 23. Nd2 Rxb2 24. Rec1 g5 25. Rc7 Bd8 26. Rc6 Rxd2 27. Bxd2 Nxe4 28. Be3 Be7 29. Rac1 Nc3 30. Bd2 Ne2+ 31. Kf1 Nxc1 32. Bxc1 f5 33. Rc7 Kf8 34. Rb7 e4 35. Bb2 f4 36. Bd4 b3 37. Rxb3 Rc8 38. Bc3 Rc4 39. Bxa5 Rxa4 40. Bc3 Rc4 41. Ke2 Rc5 42. Rb8+ Kf7 43. Bb4 Rxd5 44. Rb7 Ke6 45. Bc3 h5 46. Rb4 Kf5 47. g4+ hxg4 48. hxg4+ Kxg4 49. Rxe4 Rc5 50. f3+ Kf5 51. Bb4 Re5 52. Rxe5+ Kxe5 53. Kd3 Bf6 54. Bc3+ Kf5 55. Bb4 d5 56. Be1 g4 57. fxg4+ Kxg4 58. Ke2 f3+ 59. Kd3 Bg5 60. Kd4 Bh4 0-1

[Event "Titled Tuesday intern op1 7th June"]
[Site "Chess.com INT"]
[Date "2016.06.07"]
[Round "6"]
[White "Akinseye, Akinleye"]
[Black "Andrejkin, Dmitry"]
[Result "1/2-1/2"]
[WhiteElo "1797"]
[BlackElo "2115"]
[PlyCount "121"]
[EventDate "2016.06.07"]
[EventType "swiss (blitz)"]
[EventRounds "9"]
[EventCountry "USA"]
[SourceTitle "EXT 2021"]
[Source "ChessBase"]
[SourceDate "2020.10.23"]
[SourceVersion "1"]
[SourceVersionDate "2020.10.23"]
[SourceQuality "1"]

1. e4 c5 2. d4 cxd4 3. c3 Nf6 4. e5 Nd5 5. cxd4 d6 6. Nf3 Nc6 7. e6 Bxe6 8. Bc4 Nb6 9. Bxe6 fxe6 10. 0-0 Nd5 11. Nc3 Nf6 12. Re1 Qd7 13. d5 exd5 14. Nxd5 e5 15. a3 Be7 16. b4 0-0 17. Nxf6+ Bxf6 18. b5 Ne7 19. Nxe5 Qxb5 20. a4 Qa6 21. Qb3+ Kh8 22. Nf7+ Rxf7 23. Qxf7 Bxa1 24. Rxe7 Qc6 25. Bh6 Rg8 26. h3 Qxa4 27. Rxb7 Qd1+ 28. Kh2 Be5+ 29. g3 a5 30. Ra7 a4 31. Be3 Qb3 32. Rb7 Qxf7 33. Rxf7 Ra8 34. Bc1 Kg8 35. Rf3 g6 36. Ba3 Kg7 37. Rd3 Kf7 38. f4 Bf6 39. Rxd6 Be7 40. Rd3 Bxa3 41. Rxa3 Ke6 42. g4 Kd5 43. Kg3 Kc4 44. f5 Kb4 45. Ra1 a3 46. fxg6 hxg6 47. h4 Kb3 48. h5 gxh5 49. gxh5 Kb2 50. Rh1 a2 51. Kg4 a1Q 52. Rxa1 Rxa1 53. Kg5 Rg1+ 54. Kf6 Kc3 55. h6 Kd4 56. h7 Rh1 57. Kg7 Rg1+ 58. Kf6 Rh1 59. Kg7 Rg1+ 60. Kf6 Rh1 61. Kg7 1/2-1/2

[Event "Titled Tuesday intern op 7th June"]
[Site "Chess.com INT"]
[Date "2016.06.07"]
[Round "1"]
[White "Piorun, Kacper"]
[Black "Andrejkin, Dmitry"]
[Result "1-0"]
[WhiteElo "2676"]
[BlackElo "2167"]
[PlyCount "93"]
[EventDate "2016.06.07"]
[EventType "swiss (blitz)"]
[EventRounds "9"]
[EventCountry "USA"]
[SourceTitle "EXT 2021"]
[Source "ChessBase"]
[SourceDate "2020.10.23"]
[SourceVersion "1"]
[SourceVersionDate "2020.10.23"]
[SourceQuality "1"]

1. e4 e5 2. Nf3 Nc6 3. Nc3 Nf6 4. Be2 d6 5. d4 exd4 6. Nxd4 Nxd4 7. Qxd4 Be7 8. Be3 Be6 9. 0-0-0 0-0 10. f3 a6 11. g4 Nd7 12. Kb1 Bf6 13. Qd2 Ne5 14. Nd5 Bxd5 15. Qxd5 Rb8 16. f4 Nc6 17. g5 Be7 18. h4 Nb4 19. Qd2 a5 20. h5 c5 21. c3 Nc6 22. g6 h6 23. Bc4 Kh8 24. Bxf7 b5 25. Qd5 Rc8 26. e5 dxe5 27. fxe5 Qxd5 28. Rxd5 Rfd8 29. Rhd1 b4 30. Rxd8+ Rxd8 31. Rxd8+ Nxd8 32. Bd5 a4 33. cxb4 cxb4 34. Kc2 Bh4 35. Bc5 b3+ 36. axb3 axb3+ 37. Kxb3 Bg3 38. Bd6 Ne6 39. Kc4 Nc7 40. Bf3 Ne6 41. b4 Bf2 42. b5 Nf4 43. Bc5 Bxc5 44. Kxc5 Ne6+ 45. Kd6 Nd8 46. b6 Nb7+ 47. Bxb7 1-0

[Event "Titled Tuesday intern op1 1st March"]
[Site "Chess.com INT"]
[Date "2016.03.01"]
[Round "2"]
[White "Andrejkin, Dmitry"]
[Black "Havanecz, Bianka"]
[Result "0-1"]
[WhiteElo "2113"]
[BlackElo "2222"]
[PlyCount "74"]
[EventDate "2016.03.01"]
[EventType "swiss (blitz)"]
[EventRounds "9"]
[EventCountry "USA"]
[SourceTitle "EXT 2021"]
[Source "ChessBase"]
[SourceDate "2020.10.23"]
[SourceVersion "1"]
[SourceVersionDate "2020.10.23"]
[SourceQuality "1"]

1. e4 e5 2. Nf3 Nc6 3. Bc4 Bc5 4. d3 a6 5. Nc3 h6 6. Be3 Ba7 7. Bxa7 Rxa7 8. d4 exd4 9. Nxd4 Nge7 10. 0-0 0-0 11. f4 b5 12. Bb3 d6 13. f5 Nxd4 14. Qxd4 c5 15. Qe3 Nc6 16. f6 c4 17. Nd5 cxb3 18. Qg3 g6 19. Qh4 Kh7 20. axb3 Be6 21. Ne3 Qb6 22. Rae1 Ne5 23. Kh1 Rc8 24. Qf4 a5 25. h4 a4 26. b4 a3 27. bxa3 Rxa3 28. h5 Rcc3 29. Nf5 g5 30. Qd2 Bxf5 31. Rxf5 Re3 32. Ref1 Qc6 33. Rxe5 dxe5 34. Qd8 Qxe4 35. Qf8 Rh3+ 36. Kg1 Qe3+ 37. Rf2 Ra1# 0-1

[Event "Titled Tuesday intern op1 1st March"]
[Site "Chess.com INT"]
[Date "2016.03.01"]
[Round "4"]
[White "Andrejkin, Dmitry"]
[Black "Leiva Rodriguez, Jeammarco Giuseppe"]
[Result "0-1"]
[WhiteElo "2109"]
[BlackElo "2390"]
[PlyCount "87"]
[EventDate "2016.03.01"]
[EventType "swiss (blitz)"]
[EventRounds "9"]
[EventCountry "USA"]
[SourceTitle "EXT 2021"]
[Source "ChessBase"]
[SourceDate "2020.10.23"]
[SourceVersion "1"]
[SourceVersionDate "2020.10.23"]
[SourceQuality "1"]

1. e4 c5 2. Nf3 d6 3. d4 cxd4 4. Nxd4 Nf6 5. Bd3 Nc6 6. c3 g6 7. Be3 Ng4 8. Bc1 Bg7 9. Nxc6 bxc6 10. h3 Ne5 11. 0-0 a5 12. f4 Nxd3 13. Qxd3 Ba6 14. c4 Qb6+ 15. Kh1 Qd4 16. Qxd4 Bxd4 17. Na3 a4 18. Rd1 Bc5 19. b3 Kd7 20. e5 Rhb8 21. f5 gxf5 22. Nc2 axb3 23. axb3 Rxb3 24. exd6 exd6 25. Nd4 Bxd4 26. Rxd4 Bb7 27. Rxa8 Bxa8 28. Bf4 d5 29. c5 Bb7 30. Bd6 Ba6 31. Rh4 Bc4 32. Rf4 Bd3 33. Rh4 Be4 34. Rxh7 d4 35. Rxf7+ Ke6 36. Re7+ Kd5 37. Rd7 Rxh3+ 38. Kg1 Rd3 39. Bf8+ Kc4 40. Rd6 Kxc5 41. Rd8+ Kc4 42. Ra8 Rd1+ 43. Kh2 Rd2 44. Ra6 0-1